000 02432nam a22003377a 4500
001 PPSZ 0264
003 gtcocun
005 20251006171019.0
006 a||||gr|||| 00| 0
007 ta
008 251006b2025 gt ||||| m||| 00| 0 eng d
040 _agtcocun
_bSPA
_cgtcocun
_eRDA
041 _aSPA PPSZ 0264
084 _0PPSZ 0264
100 _aOsorio Alvarado, Mónica Josefina
_eAutor
245 _aINFORME FINAL DE LA PRÁCTICA PROFESIONAL SUPERVISADA, REALIZADA EN LA COMUNIDAD NUEVO AQUIL DEL MUNICIPIO DE COBÁN, DEPARTAMENTO DE ALTA VERAPAZ/
_cMónica Josefina Osorio Alvarado.
_hImpreso
264 _aCobán, Alta Verapaz:
_bUniversidad de San Carlos de Guatemala, Centro Universitario del Norte, Carrera de Técnico en Producción Pecuaria
_c2025
300 _a65 p.:
_bIlustraciones, gráficas.
_c28 cm;
300 _cPDF
336 _2rdacontenido
_aTexto
_btxt
337 _2rdamedio
_aComputadora
_bn
338 _2rdasoporte
_aCódigo en línea
_bcr
502 _ePPSZ 0264
502 _aPráctica Profesional Supervisada
_bCarrera de Técnico en Producción Pecuaria,
_cUniversidad de San Carlos de Guatemala, Centro Universitario del Norte, Carrera de Técnico en Producción Pecuaria
_d2025
_oPPSZ 0264
520 1 4 _aEl presente informe contiene la información detallada de las actividades que se llevaron a cabo para contribuir en el desarrollo de la comunidad, entre las que se mencionan el proyecto de granja sostenible para la producción de huevos y pollos, taller de crianza de pollos de engorde, análisis coprológico para conocer la condición de las aves, desparasitante artesanal, vacunación de aves de traspatio, faenado de pollos de engorde, prácticas de reforestación y elaboración de alimento artesanal. También se incluye la actividad de extensión y servicio en la aldea de Secocpur, Cobán Alta Verapaz enfocada a la cunicultura debido a que medio de la crianza de estos animales es posible producir carne blanca para consumo humano y de bajo costo.
650 1 4 _2LEMB
_aCobán, Alta Verapaz
_xZootecnia
_xDesarrollo
_xAnálisis coprológicos
_xVacunación
_xFaenado
_xReforestación
_xCrianza de animales
700 _aLcda. Dulce Aurora Cac Chocooj
_eAsesor
856 _uhttps://drive.google.com/file/d/1gprv7puBQdFx1vtLZKmnqbVinD_w1X_k/view
_yPDF
_zUn ejemplar en línea.
942 _2ddc
_cTES
_iPPSZ 0264
_kClasificación
_n0
_6PPSZ_0264_000000000000000
999 _c2234
_d2234